Prueba de Tuvalu - Estadísticas

Estadísticas generales
  • Esta prueba ha sido intentada 1.180 veces
  • La puntuación promedio es 8 de 12
Estadísticas de respuestas
Pista Respuesta % Correcto
Idiomas oficiales Inglés
98%
Cultivo básico que proviene de las palmeras Coco
84%
Región de Oceanía en la que se encuentra Tuvalu {Poli}nesia
83%
País cuya bandera aparece en la esquina superior izquierda de la bandera de Tuvalu Reino Unido
83%
País que se encuentra a unos 850 km al sur de Tuvalu Fiyi
75%
Moneda de Tuvalu Dólar
72%
¿Qué representan las nueve estrellas de la bandera de Tuvalu? Islas
72%
El 51,6% de los adultos de Tuvalu son ____, la cuarta tasa más alta de cualquier país. Obeso
65%
Capital de Tuvalu Funafuti
62%
Idiomas oficiales Tuvaluano
38%
El tipo de nave marítima que trajo a los habitantes originales a las islas Canoa
36%
Nombre anterior de Tuvalu Islas {Ellice}
17%
No se encontraron pruebas coincidentes
Distribución de puntuación
Porcentaje de gente con cada puntuación
Porcentaje por número respondido
Historial de tus puntuaciones
No has intentado esta prueba.